| 000 | 01008cab a2200277 4500 | ||
|---|---|---|---|
| 001 | WB3440-07 | ||
| 008 | 090401t1998 xxu||||| |||| 00| 0 eng d | ||
| 035 | _a(Sirsi) u89139 | ||
| 041 | _aeng | ||
| 245 | _aBoom before the gloom? | ||
| 260 | _c1998 | ||
| 350 | _a0 | ||
| 490 |
_aBuilding Design _v(1369) 16 October 1998, 2(1) |
||
| 520 | _aThe latest Building Design/Mirza "Quarterly Architects Workload Survey" indicates that new commissions in the leisure, ofice and retail sectors are holding up, although private housing work has dipped slightly. | ||
| 650 | _aARCHITECTS' WORKLOAD | ||
| 650 | _aFORECASTS | ||
| 650 | _aHOUSING MARKET | ||
| 650 | _aLEISURE MARKET | ||
| 650 | _aPROPERTY-COMMERCIAL PROPERTY-OFFICE PROPERTY-OFFICE PROPERTY MARKET | ||
| 650 | _aPROPERTY-COMMERCIAL PROPERTY-RETAIL PROPERTY-RETAIL PROPERTY MARKET | ||
| 650 | _aSURVEYS | ||
| 650 | _aWORKLOADS | ||
| 690 | _aPROPERTY-COMMERCIAL PROPERTY-COMMERCIAL PROPERTY MARKET | ||
| 942 | _n0 | ||
| 948 | _c20/10/1998 | ||
| 999 |
_c56366 _d56366 |
||